Word Ladder: Making the Grade Quiz Stats

 Plays Quiz Updated Jan 25, 2015

Challenge
Share
Tweet
Embed
Score 0/24 Timer 03:00
1 Play Today
Hint 4-Letter Word % Correct
Between ages 12 and 20TEEN
98.8%
Baking chamber OVEN
98.2%
Have observedSEEN
97.6%
Golf ball standsTEES
96.8%
Deciduous or evergreenTREE
95.7%
Sprung from captivityFREE
94.7%
Head honcho in the officeBOSS
94.4%
Bottle stopperCORK
94%
▶ 'Very' in Paris ◀TRÈS
93.9%
Sports fans' chants of displeasureBOOS
93.8%
Kristoff's 'Frozen' reindeerSVEN
93.7%
Lowest singing voiceBASS
93.5%
Hint 4-Letter Word % Correct
Podiatrist's concernsFEET
92.8%
Guitar neck dividerFRET
92.2%
▶ Bound printed material ◀BOOK
91.3%
What Martin Yan can doCOOK
88.5%
▶ Safe harbor for ships ◀PORT
86.4%
▶ Upward preposition ◀OVER
84.3%
128 cubic feet of cut woodCORD
83.5%
'Gulliver's Travels' actress AmandaPEET
83.5%
▶ Sentence component ◀WORD
83.2%
Lively, cheeky, perkyPERT
81.8%
Medicinal herbWORT
77.4%
▶▶ COMMON BOND ◀◀PASS
35.6%

Today's Daily Dose

Word Ladder
Bruno Mars Song

Get the Picture
Japanese Cars

You're not logged in!

Compare scores with friends on all Sporcle quizzes.
OR
Log In

You Might Also Like...

Show Comments

Extras

Top Quizzes Today


Score Distribution

Your Account Isn't Verified!

In order to create a playlist on Sporcle, you need to verify the email address you used during registration. Go to your Sporcle Settings to finish the process.

Report this User

Report this user for behavior that violates our Community Guidelines.

Details: